| 000 | 01136naa a22003017a 4500 | ||
|---|---|---|---|
| 001 | BR9101133 | ||
| 003 | BR-BrBNA | ||
| 005 | 20240918180643.0 | ||
| 007 | ta | ||
| 008 | 230509b bl.||||| |||| 00| 0 por d | ||
| 040 |
_aBR-BrBNA _bpor _cBiblioteca Nacional de Agricultura |
||
| 041 | _a(Pt) | ||
| 072 |
_aM40 _b8195 _bG514 |
||
| 090 | _aM40 BR9101133 | ||
| 100 | 1 | _aJunior, M. | |
| 111 | 1 |
_a2. Seminario sobre Ciencias do Mar _cFlorianopolis, SC (Brazil) _d3-4 Dec 1987 |
|
| 245 | 1 | _aIdentificacao das larvas e juvenis de Gobiosoma parri (Pisces-Gobiidae), na area industrial da Lagoa dos Patos, Rio Grande do Sul | |
| 260 | 3 |
_aFlorianopolis, SC (Brasil): _c1989. |
|
| 500 | _aAnais do 2. Seminario sobre Ciencias do Mar da UFSC Florianopolis, SC (Brasil): 1989. p. 155-160 (BR9101133-AM)M40 | ||
| 650 | _aPEIXE MARINHO | ||
| 650 | _aLARVA | ||
| 650 | _aBIOLOGIA | ||
| 650 | _aLAGOA DOS PATOS | ||
| 650 | _aRIO GRANDE DO SUL | ||
| 773 | 0 |
_tAnais do 2. Seminario sobre Ciencias do Mar da UFSC _wM40 BR9101133 _gFlorianopolis, SC (Brasil), 1989. p. 155-160 |
|
| 909 |
_a202404 _bLucia _c55 _dLucia Elande |
||
| 942 |
_cAM _2AGRIS |
||
| 999 |
_c321520 _d321520 |
||